[Event "St Stefan/Belgrade m"]
[Site "Belgrade"]
[Date "1992.??.??"]
[Round "19"]
[White "Fischer, Robert James"]
[Black "Spassky, Boris Vasilievich"]
[Result "1/2-1/2"]
[WhiteElo "2785"]
[BlackElo "2560"]
[Annotator "Ftacnik,L"]
[PlyCount "168"]
[EventDate "1992.09.??"]
[EventType "match"]
[EventRounds "30"]
[EventCountry "YUG"]
[SourceTitle "CBM 031"]
[Source "ChessBase"]
[SourceDate "1992.12.01"]
[SourceVersion "1"]
[SourceVersionDate "1992.12.01"]
[SourceQuality "1"]

1. e4 c5 2. Nc3 Nc6 3. Nge2 e5 4. Nd5 Nge7 (4... Nce7 $5 5. Ne3 (5. Nec3 Nxd5
6. Nxd5 Nf6 7. Bc4 Be7 8. d3 O-O 9. O-O d6 10. f4 Nxd5 11. Bxd5 exf4 12. Bxf4
Bf6 $10) 5... Nf6 6. Nc3 a6 7. a4 (7. g3 g6 8. Bg2 Bg7 9. a3 d6 10. b4 $1 O-O
11. bxc5 dxc5 12. a4 Rb8 $13 {Ghinda,M-Manolov/Pernik/1982/}) 7... d5 $5 (7...
g6 8. Bc4 Bg7 9. d3 d6 10. Bd2 b6 11. Qf3 O-O 12. h3 Nc6 13. Ncd5 Nd4 14. Qd1
Bb7 $2 (14... Ne6 $5) 15. Nxf6+ Bxf6 16. c3 b5 $2 17. Bd5 Nc6 18. Ng4 Rb8 19.
Qf3 Bg5 20. Bxg5 Qxg5 21. Qf6 $1 {Franzoni-Gobet/Schweiz/1987/}) 8. exd5 Nexd5
9. Ncxd5 Nxd5 10. Qh5 Be6 11. Qxe5 Be7 12. Qxg7 Bf6 13. Qg3 Qe7 14. Be2 O-O-O
$14 {Nikolenko-Sveshnikov/Moskva/1992/}) 5. Nec3 Nxd5 6. Nxd5 Be7 (6... g6 $6
7. h4 $1 (7. Bc4 Bg7 8. O-O O-O 9. d3 Na5 10. f4 exf4 11. Bxf4 Nxc4 12. dxc4 d6
{Kuzmin-Khenkin/Belgorod/1989/}) 7... h6 8. Bc4 Bg7 9. h5 g5 10. d3 d6 11. Ne3
Be6 12. c3 Qd7 13. Qf3 Ne7 14. a4 O-O-O 15. a5 a6 16. Bxe6 Qxe6 17. c4 $16 {
Franzoni-Szabo/Bern/1987/}) 7. g3 $5 (7. Bc4 O-O 8. d3 Na5 (8... d6 9. O-O Bg5
10. f4 exf4 11. Bxf4 Ne5 12. Bb3 Bxf4 13. Rxf4 Ng6 14. Rf2 Be6 15. Qh5 Qd7 16.
Raf1 Rae8 $10 {Adams,M-Ubilava/Manila ol/1992/}) (8... Bg5 9. O-O Bxc1 10. Rxc1
d6 11. Qh5 Be6 12. f4 exf4 13. Rxf4 Ne5 14. Rcf1 Ng6 15. R4f2 Ne5 16. Ne3 Nxc4
17. dxc4 h6 $10 {Soltis,A-Lukov/Moskva GMA/1989/}) 9. O-O d6 10. f4 exf4 11.
Bxf4 Be6 12. Qd2 Nxc4 13. dxc4 Re8 14. Rad1 Bf8 15. Ne3 Qf6 16. b3 Qg6 17. Qd3
Bh3 18. Rf3 Rxe4 $2 19. Rg3 {1-0/Benjamin,J-Granda,Z/Buenos Aires/1992/}) 7...
d6 8. Bg2 h5 $6 (8... O-O 9. O-O f5 10. d3 Be6 11. f4 Qd7 12. Be3 Rae8 13. Qd2
Bd8 14. Rae1 exf4 15. Nxf4 fxe4 16. Nxe6 Rxf1+ 17. Rxf1 Qxe6 18. Bxe4 Bf6 19.
Bg5 Bxg5 20. Qxg5 Ne5 21. Bxb7 Qxa2 22. Qf5 Qf7 23. Qxf7+ Nxf7 24. Ra1 Re2 25.
Bf3 Re7 $14 {Rohde-Byrne/USA/1987/}) 9. h4 Be6 10. d3 Bxd5 11. exd5 Nb8 12. f4
Nd7 13. O-O g6 14. Rb1 (14. f5 $6 g5 $1) 14... f5 15. b4 b6 16. bxc5 bxc5 17.
c4 O-O 18. Qa4 Bf6 19. Rb7 Nb6 20. Qb5 Rf7 (20... Qc8 21. Qc6 $16) 21. Rxf7 (
21. Qa6 Rxb7 (21... Qc8 22. Rxf7 Qxa6 23. Rxf6 Kg7 24. Rxd6 exf4 25. Bxf4 $44)
22. Qxb7 Qc8 23. Qxc8+ Nxc8 24. Bd2 Rb8) 21... Kxf7 22. Bd2 Rb8 23. Qc6 Nc8 (
23... Rc8 24. Qb7+ Rc7 25. Qa6 $16) 24. Re1 Ne7 25. Qa4 Qc7 26. Kh2 exf4 $6 (
26... Rb7 $10) 27. Bxf4 Be5 28. Re2 Rb6 $6 (28... Rb4 $1) 29. Kh3 Ng8 $2 30.
Rxe5 $1 dxe5 31. Bxe5 Qe7 (31... Qxe5 32. Qxa7+ $18) 32. d6 Rxd6 33. Bxd6 Qxd6
34. Bd5+ Kf8 35. Qxa7 Ne7 36. Qa8+ Kg7 37. Qb7 Kf8 38. a4 f4 39. a5 fxg3 40. a6
Qf4 41. Bf3 Nf5 42. Qe4 $1 g2 (42... Qd2 43. Bg2 $18) 43. Qxf4 g1=Q 44. Be4 (
44. Qb8+ $1 Kf7 (44... Kg7 45. Qe5+ Kh7 46. a7 Qf1+ 47. Bg2 Qf2 (47... Qxd3+
48. Kh2 Ne3 49. Qe7+ Kh6 50. Qg5+) 48. Kh2 $1 Qxh4+ (48... Ne3 49. Qe7+ Kh6 50.
Qg5+ Kh7 51. a8=Q $18) 49. Kg1 $18) 45. Bd5+ Kg7 (45... Kf6 46. Qh8+ Ke7 47.
Qe5+) 46. Qg8+ Kf6 47. Qe6+ Kg7 48. Qf7+ Kh6 49. Qf8+ $18) (44. Bd5 $1 Qa1 45.
Qb8+ Ke7 46. Qc7+ Ke8 47. a7 Qf1+ 48. Bg2 Qxd3+ 49. Kh2 $18) 44... Qa1 45. a7
$2 (45. Bxf5 $18) (45. Qb8+ Ke7 46. a7 Qf1+ (46... Qe1 47. Qe5+ Kd7 48. Bc6+
Kxc6 49. a8=Q+ Kd7 50. Qae8#) 47. Bg2 Qxd3+ 48. Kh2 $18) 45... Qxa7 46. Bxf5
gxf5 47. Qxf5+ Kg7 48. Qg5+ Kf8 49. Qh6+ Kg8 50. Qxh5 Qc7 51. Qg6+ Kh8 52. Qf6+
(52. h5 $2 Qh2+ 53. Kg4 Qf4+ $10) 52... Kg8 53. Qe6+ Kh8 54. Qd5 (54. Kg4 Qg7+
55. Kf4 Qf7+ 56. Ke5 $18) 54... Qf7 $1 55. Kg2 (55. Qxc5 Qf3+ 56. Kh2 Qe2+ 57.
Kg3 Qxd3+ 58. Kf4 $18) 55... Qg6+ 56. Kh3 Qf7 57. Qe5+ Kh7 58. Kg4 Qg6+ 59. Kf4
Qh6+ 60. Kf3 Qg6 61. Qe4 Kh8 62. Ke2 Qd6 63. Qe3 $6 Qh2+ 64. Ke1 Qh1+ 65. Kd2
Qh2+ 66. Kc3 Qxh4 67. d4 (67. Qxc5 $1 Qe1+ 68. Kd4 Qf2+ 69. Kd5 Qf5+ 70. Kc6
Qxd3 71. Qf8+ Kh7 72. Qe7+ Kh8 73. Qe8+ Kg7 74. Qd7+ $18) 67... Kh7 68. d5 $2 (
68. dxc5 $18) 68... Qf6+ 69. Kc2 Qd6 70. Qg5 (70. Qe8 Kg7 $1 71. Qc6 Qh2+ 72.
Kb3 Qb8+ $1 $13) 70... Kh8 71. Kd2 Qb6 72. Qe5+ Kg8 73. Qe8+ Kg7 74. Qb5 Qc7
75. Kc2 Kf8 76. Qa6 Qh2+ 77. Kb3 Qb8+ 78. Qb5 Qc7 79. Ka3 Qa7+ 80. Kb3 Ke7 81.
Kc2 Kd8 82. Kd2 Qc7 83. Qa6 Qf4+ 84. Kc2 Qe4+ 1/2-1/2

[Event "Lazne Bohdanec"]
[Site "Lazne Bohdanec"]
[Date "1995.??.??"]
[Round "3"]
[White "Keitlinghaus, Ludger"]
[Black "Babula, Vlastimil"]
[Result "1/2-1/2"]
[WhiteElo "2495"]
[BlackElo "2530"]
[Annotator "Ftacnik,L"]
[PlyCount "47"]
[EventDate "1995.01.??"]
[EventType "tourn"]
[EventRounds "11"]
[EventCountry "CZE"]
[EventCategory "10"]
[SourceTitle "CBM 045"]
[Source "ChessBase"]
[SourceDate "1995.04.01"]
[SourceVersion "1"]
[SourceVersionDate "1995.04.01"]
[SourceQuality "1"]

1. e4 c5 2. Nc3 Nc6 3. Bb5 Nd4 4. Nf3 g6 (4... a6 $5) 5. Nxd4 cxd4 6. Ne2 Qa5
$5 7. c4 (7. Bd3 Bg7 8. O-O $13) 7... Nf6 (7... dxc3 8. Nxc3 Bg7 9. d4) 8. e5
Ng4 9. e6 $5 (9. f4 $2 Ne3 $1) (9. Nxd4 Nxe5 $13) 9... fxe6 10. Nxd4 Nxf2 $5 (
10... Ne5 11. Nxe6 a6 12. Qe2 $16) 11. Qe2 $1 (11. Kxf2 Qb6 $17) 11... Nxh1 12.
Qe5 Kf7 13. b4 $1 (13. Qxh8 Bg7 14. Qxh7 Qb6 15. Nf3 Qf2+ 16. Kd1 Qxg2 17. Ne5+
Kf6 $13) 13... Qxb4 14. Qxh8 Bg7 15. Qxh7 a6 16. Ke2 $5 (16. a3 axb5 (16... Qc5
17. Bb2 Qe5+ 18. Kf1 axb5 19. Kg1 $1 $40) 17. axb4 Rxa1 18. Kd1 $16) (16. Ba4
b5) 16... axb5 17. Bb2 Ng3+ $1 (17... Nf2 $6 18. Rf1 Qxc4+ 19. Kxf2 $18) 18.
hxg3 Kf8 $8 (18... Qxb2 19. Rf1+ Ke8 20. Qg8+ $18) 19. Nxe6+ (19. Rf1+ Bf6 20.
Qh8+ (20. Nxe6+ dxe6 21. Bxf6 Qxc4+ 22. Ke1 (22. d3 Qg4+ 23. Kd2 Rxa2+ 24. Bb2+
Ke8 25. Qh8+ Kd7 26. Rf8 e5 27. Qxe5 Qb4+ 28. Kc1 Qd6 29. Qxb5+ Qc6+ 30. Qxc6+
bxc6 $10) 22... Qe4+ 23. Kd1 Qb1+ 24. Ke2 Qe4+) 20... Kf7 21. Qh7+ $10) 19...
dxe6 20. Qxg7+ $2 (20. Bxg7+ $1 Ke8 21. Qxg6+ Kd8 22. Qd3+ Bd7 23. Rf1 Ra3 24.
Rf8+ Kc7 25. Be5+ Kc6 26. Qe4+ Kb6 27. Rd8 $18) 20... Ke8 21. Qxg6+ Kd8 22. Be5
(22. Qd3+ Ke8) 22... Qxc4+ 23. Qd3+ Bd7 24. Qxc4 1/2-1/2

[Event "FIDE World Cup"]
[Site "Tromsoe"]
[Date "2013.08.15"]
[Round "2.2"]
[White "Jobava, Baadur"]
[Black "Korobov, Anton"]
[Result "1-0"]
[WhiteElo "2696"]
[BlackElo "2720"]
[Annotator "Ftacnik,L"]
[PlyCount "73"]
[EventDate "2013.08.11"]
[EventType "k.o."]
[EventRounds "7"]
[EventCountry "NOR"]
[SourceTitle "CBM 156"]
[Source "ChessBase"]
[SourceDate "2013.09.17"]
[SourceVersion "1"]
[SourceVersionDate "2013.09.17"]
[SourceQuality "1"]

1. e4 c5 2. Nc3 d6 3. f4 Nc6 4. Nf3 g6 5. Bb5 Bg7 6. O-O Bd7 7. d3 a6 {Korobov
understands, that he is losing precious time in the opening. Still it makes
sense to win the bishop pair and try to use it as compensation for the
opponent's activity.} 8. Bxc6 Bxc6 9. Qe1 Nf6 10. h3 {White players have tried
an array of moves in this position, which indicates the flexible nature of the
fight. One of the key ideas behind the move 10.h3 should be waiting for Black
to castle.} (10. Kh1 Qd7 (10... b5 11. Bd2 b4 12. Nd1 a5 13. Ne3 Nd7 14. Rb1 h6
15. Qg3 a4 16. e5 Bxf3 17. Qxf3 dxe5 18. Ng4 f5 19. Nxe5 Nxe5 20. fxe5 {
0-1 (56) Jones,G (2567)-Arun Prasad,S (2423) New Delhi 2007} Ra6 $11) 11. Bd2
b5 12. a3 a5 13. Nd1 b4 14. axb4 axb4 15. Rxa8+ Bxa8 16. Ne3 O-O 17. Qh4 Bb7
18. b3 e6 19. e5 Ne8 20. Nc4 f6 $11 {1-0 (41) Andreikin,D (2688)-Yandarbiev,R 
(2391) Moscow 2012}) (10. Qh4 Qd7 (10... h6 11. e5 Nd5 12. Bd2 Nxc3 13. Bxc3
Bxf3 14. Rxf3 e6 15. Qf2 Rc8 16. d4 cxd4 17. Qxd4 {1/2 (54) Gelashvili,T (2519)
-Zubarev,A (2456) Golden Sands 2000} dxe5 18. Qxd8+ Rxd8 19. fxe5 Bf8 $11) (
10... Qc7 11. a4 O-O-O 12. a5 Kb8 13. Be3 h6 14. Qg3 Rc8 15. f5 g5 16. Nd2 Nd7
17. Nc4 Bxc3 18. bxc3 d5 19. Qxc7+ Rxc7 20. exd5 Bxd5 $14 {1/2 (26) Chernov,V 
(2445)-Sulzbach,S (2195) Germany 2012}) 11. Bd2 (11. h3 h6 12. Qf2 b5 13. a3 a5
14. Bd2 b4 15. axb4 axb4 16. Rxa8+ Bxa8 17. Nd1 Qc7 18. Ne3 e6 19. c3 bxc3 20.
Bxc3 $14 {1/2 (52) Ibrayev,N (2448)-Erdogdu,M (2449) Dresden 2008}) 11... h6
12. Rae1 O-O-O 13. e5 Nd5 14. Ne4 f5 15. Nc3 g5 16. fxg5 hxg5 17. Qxg5 e6 18.
Nxd5 Bxd5 19. exd6 Bxf3 20. Rxf3 $11 {1/2 (31) Liu,Q (2461)-Amonatov,F (2604)
Bangkok 2012}) (10. a4 b6 (10... Qd7 11. a5 O-O 12. Bd2 e6 13. Qh4 d5 14. e5
Ne8 15. b4 b6 16. axb6 cxb4 17. Ne2 a5 18. Qf2 Ba4 19. Qc5 $16 {1-0 (25)
Thesing,M (2440)-King,D (2530) Germany 1997}) 11. Qh4 h6 12. Bd2 e6 13. Rae1 b5
14. axb5 axb5 15. e5 b4 16. Nd1 Nd7 17. Qxd8+ Kxd8 18. exd6 Bxf3 19. Rxf3 $14 {
1-0 (45) Miles,A (2575)-Suttles,D (2475) Surakarta 1982}) (10. Rb1 O-O (10...
Qd7 11. Bd2 b6 12. h3 Bb7 13. b4 cxb4 14. Rxb4 Qc7 15. Qf2 Nd7 16. f5 Qc5 17.
fxg6 Qxf2+ 18. Rxf2 hxg6 $11 {1/2 (22) Hangweyrer,M (2382)-Groszpeter,A (2540)
Austria 2007}) 11. f5 e6 12. Qh4 Nd7 13. Qh3 exf5 14. exf5 Ne5 15. Nxe5 Bxe5
16. Ne4 Bxe4 17. dxe4 g5 18. Be3 {1/2 (18) Stanec,N (2479)-Rashkovsky,N (2523)
Oberwart 2000}) (10. e5 Nd5 11. e6 Nxc3 12. exf7+ Kf8 13. bxc3 Bd5 14. Bd2 Qd7
15. Nh4 Bf6 16. f5 g5 17. Nf3 h6 18. h4 Qxf5 19. c4 Bxf3 20. Rxf3 Qe5 21. Qxe5
Bxe5 22. Rb1 gxh4 23. Rxb7 $14 {1/2 (43) Kleinegger,F (2245)-Anka,E (2487) Bad
Wiessee 1999}) (10. b3 Nd7 11. Bb2 Qa5 12. Rb1 e6 13. a4 O-O-O 14. e5 Bxf3 15.
Nb5 Qxe1 16. Nxd6+ Kc7 17. Rbxe1 Bc6 18. Nxf7 Rhf8 19. Nxd8 Rxd8 $11 {0-1 (37)
Jobava,B (2696)-Korobov,A (2720) Tromso 2013}) 10... Nd7 {Black knows how to
wait as well and only after preparatory moves that fit the needs of the Closed
Sicilian is he prepared to consider castling.} 11. Be3 (11. Bd2 b5 12. Nd1 b4
13. a3 a5 14. c3 bxa3 15. Rxa3 Qb6 16. c4 a4 17. Bc3 Bd4+ 18. Kh2 e5 19. Bxd4
exd4 20. Qd2 $11 {1-0 (34) Kallio,H (2240)-Sihvonen,T (2200) Jyvaskyla 1997})
11... e6 (11... O-O 12. f5 Ne5 13. Nxe5 Bxe5 $11) 12. Rd1 (12. f5 exf5 13. exf5
O-O 14. Ng5 Qe7 $11) 12... O-O 13. d4 {The chess positions after the opening
tend to be rich and full of possibilities. Jobava is changing track and
instead of the original plan of attacking on the kingside he is ready to
consider opening the centre.} Qe7 (13... Qa5 14. e5 dxe5 15. dxe5 Rfd8 16. a3
$11) 14. Bf2 Rfe8 15. Bh4 (15. dxc5 Nxc5 16. e5 d5 17. Qe3 Ne4 18. Nxe4 dxe4
19. Ng5 f5 20. exf6 Bxf6 $11) 15... Qf8 $1 {Korobov has prepared for the move
of the white bishop and with the retreat of the queen he is avoiding any
weakening of the pawn structure.} (15... f6 16. dxc5 Nxc5 17. e5 $14) 16. dxc5
Nxc5 (16... d5 17. e5 Qxc5+ 18. Nd4 Qa5 $11) 17. Nd4 (17. e5 d5 18. Nd4 Nd7 $11
) 17... f5 (17... d5 18. e5 Nd7 19. Rf3 Qb4 20. b3 Rac8 $11) (17... Bd7 18. e5
d5 19. Bf6 $1 $16) 18. e5 dxe5 $6 {[%mdl 32] The reason behind all the
problems that Black will experience later in the game. He wanted to open up
the position for the purpose of active play, but the bishop pair will
disappear and white will keep the pressure along the d-file.} (18... d5 19. Qe3
Rac8 $11) 19. Nxc6 bxc6 20. fxe5 Rab8 21. b3 Rb7 22. Qe2 $6 {Jobava has
overlooked the golden shot of his adversary, Black was now able to fully
equalise chances.} (22. Rd6 $5 Rf7 23. Bf2 Nd7 24. Rxc6 Bxe5 25. Na4 $14) 22...
Rf7 (22... Nxb3 $1 23. cxb3 Qc5+ 24. Bf2 Qxc3 25. Qxa6 Rbb8 26. Rc1 Qxe5 27.
Qxc6 Qa5 $11) 23. Bf2 a5 (23... Nd7 24. Na4 f4 25. Qxa6 Nxe5 26. Bc5 Ra8 27.
Bxf8 Rxa6 28. Bxg7 Kxg7 29. Nc5 Rxa2 30. Nxe6+ $14) 24. Bd4 (24. Rd6 $1 Nd7 25.
Rxc6 Bxe5 26. Rd1 Qe7 27. a4 $16) 24... Nd7 25. Na4 Qe7 26. Kh1 (26. Qe1 f4 27.
Qxa5 Qg5 $11) 26... f4 $6 {Black quite correctly sees his chances on the
kingside, unfortunately this premature pawn advance will enable White to
successfully regroup his pieces.} (26... Qb4 $5 27. Bb2 Bf8 28. g3 $14) 27. Nb2
$1 Ref8 (27... c5 28. Bc3 Nb6 29. Bxa5 Nd5 30. Bd2 Rf5 31. Nd3 $16) 28. Nc4 Rf5
29. Qe4 g5 30. Qxc6 {The most natural move is quite difficult to criticise.
Let's just say that there were at least two strong alternatives underlining
the healthy nature of White's position.} (30. Rd2 $1 h5 (30... R8f7 31. Nd6
Nxe5 32. Nxf7 Nxf7 33. Qxc6 $16) 31. Nd6 Rxe5 32. Bxe5 Nxe5 33. Nc4 $16) (30.
Nd6 Rxe5 31. Bxe5 Nxe5 32. Rf2 Rd8 33. Rfd2 Qc7 34. Qe1 $16) 30... Nxe5 (30...
Bxe5 31. g4 $1 (31. Bg1 Nb8 32. Qe4 Bc7 33. Rfe1 $16) 31... fxg3 (31... Bxd4
32. gxf5 Ne5 33. Nxe5 Bxe5 34. Rd7 Qf6 35. Qxe6+ Qxe6 36. fxe6 $18) 32. Rxf5
g2+ (32... Rxf5 33. Bxe5 Nxe5 34. Nxe5 Rxe5 35. Qc8+ Qf8 36. Rd8 $18) 33. Kxg2
Rxf5 (33... exf5 34. Qd5+ Qf7 35. Bxe5 $18) 34. Nxe5 Nxe5 35. Bxe5 Rxe5 36.
Qc8+ Qf8 37. Rd8 Re2+ 38. Kg3 Re3+ 39. Kg4 Re4+ 40. Kh5 Rh4+ 41. Kxg5 $18) 31.
Nxe5 (31. Bxe5 Bxe5 32. Nxa5 $16) 31... Bxe5 (31... Rxe5 32. Bxe5 Bxe5 33. Rfe1
Qf6 34. Qe4 $18) 32. Bc5 Qe8 (32... Qf6 33. Bxf8 $18) 33. Qb6 $1 {The clarity
of the situation is quite striking. Black is unable to defend the 8th rank and
thus has to give up the crucial e6-pawn. His position will fall apart with
alarming speed.} Qb8 (33... R8f7 34. Rd8 $18) (33... Bg7 34. Bxf8 Bxf8 35. Rfe1
$18) 34. Qxe6+ R8f7 35. Rd5 $1 {Black's pieces have come under too much
pressure, the fight is over.} (35. Rd7 Qc8 36. Be7 Qxc2 37. Bxg5 $18) 35... Kg7
(35... f3 36. gxf3 Qc7 37. Re1 $18) 36. Bd6 Bxd6 (36... R7f6 37. Bxe5 $18) 37.
Rxf5 1-0

[Event "Interpolis-03"]
[Site "Tilburg"]
[Date "1979.11.10"]
[Round "7"]
[White "Romanishin, Oleg M"]
[Black "Portisch, Lajos"]
[Result "1/2-1/2"]
[WhiteElo "2560"]
[BlackElo "2640"]
[Annotator "Ftacnik,L"]
[PlyCount "79"]
[EventDate "1979.11.01"]
[EventType "tourn"]
[EventRounds "11"]
[EventCountry "NED"]
[EventCategory "15"]
[SourceTitle "MCL"]
[Source "ChessBase"]
[SourceDate "1999.07.01"]
[SourceVersion "1"]
[SourceVersionDate "1999.07.01"]
[SourceQuality "1"]

1. e4 c5 2. Nc3 d6 3. f4 g6 4. d4 cxd4 5. Qxd4 Nf6 6. e5 Nc6 7. Bb5 Nh5 (7...
dxe5 8. Qxd8+ Kxd8 9. fxe5 (9. Nf3 Nd4 10. Nxd4 exd4 11. Ne2 Bd7 12. Bc4 Rc8
13. b3 Bg7 14. Bb2 Ng4 15. Bxd4 Bxd4 16. Nxd4 Ne3 $15 {Messa-Danner/Reggio
Emilia/1983}) 9... Nxe5 (9... Ne8 10. Be3 Nc7 11. O-O-O+ Ke8 12. Nf3 Bg7 13.
Ba4 Bg4 14. Nd5 Nxd5 15. Rxd5 a6 16. Nd4 $44 {Romanishin,O-Rashkovsky,N/URS-ch/
1976}) 10. Bf4 Ned7 (10... Nc6 11. Nf3 a6 12. O-O-O+ Ke8 13. Ne5 Bg7 (13...
axb5 14. Nxb5 $16) 14. Nxc6 Bd7 15. Nxe7 $16 {Balashov,Y-Piesena,G/LIT-chop
Klajpeda/1977}) 11. O-O-O a6 12. Be2 (12. Bc4 e6 13. Nf3 (13. a4 h6 14. Nf3 Bb4
15. Ne5 Ke7 16. Rhf1 Rh7 $13 {Gulko,B-Kuligowski,A/Buenos Aires olm/1978})
13... b5 14. Bb3 Bb7 15. Ng5 Ke8 16. Rhe1 Nc5 17. Be5 Be7 $15 {Ghinda,M-Ribli,
Z/Warsaw/1979}) 12... Ke8 (12... Bg7 13. Nf3 Ke8 14. Rhe1 Kf8 15. Bc4 b5 16.
Bd5 Ra7 17. Nd4 Bb7 18. Bc6 $36 {Romanishin,O-Ftacnik,L/Biel/1988}) 13. Bf3 h5
14. Nh3 Bh6 15. Ng5 e5 16. Bd2 Rb8 17. Rhf1 $1 b5 18. Bc6 Ke7 19. Be3 $1 $16 {
Romanishin,O-Ilincic,Z/Lvov-Beograd/1992}) 8. Be3 (8. Qd1 Bh6 9. Bxc6+ bxc6 10.
Qf3 dxe5 11. fxe5 Bxc1 12. Rxc1 O-O 13. Qe3 Qb6 14. Qxb6 axb6 15. Nf3 Bg4 $15 {
Gurgenidze,B-Georgadze,T/Tbilisi Kotov-mem/1985}) (8. e6 Bg7 9. Bxc6+ bxc6 10.
exf7+ Kxf7 11. Qc4+ Be6 12. Qxc6 Rc8 13. Qf3 Bxc3+ 14. bxc3 Nf6 15. Ne2 Qa5 16.
O-O Bg4 $15 {Buturin,V-Novikov,I/Alushta/1992}) (8. Nf3 Bg7 9. O-O O-O 10. Bxc6
bxc6 11. Be3 Bg4 12. Rae1 Qa5 13. Bc1 Rad8 14. Qe4 Qb6+ 15. Kh1 d5 16. Qd3 Bc8
17. Na4 Qc7 18. Nc5 $14 {Christiansen,L-Ftachnik,L/Groningen/1991}) 8... Bg7 9.
Qd1 {/\g4} (9. O-O-O O-O) 9... dxe5 10. Qxd8+ Kxd8 11. O-O-O+ Bd7 12. fxe5 Bxe5
13. Nd5 Ng7 (13... Nf6 14. Nf3 $44) 14. Nf3 Bd6 15. Rhe1 Ne6 16. Ng5 $1 Ne5 17.
Nc3 f6 18. Nge4 Bb4 19. Rxd7+ $1 Nxd7 20. Rd1 Nef8 21. Bh6 a6 (21... Kc8 22.
Nd5 Bd6 23. Nxd6+ exd6 24. Bg7 $18) 22. Bc4 Bxc3 23. Nxc3 Rc8 24. Bb3 {/\25.
Lg7+-} e6 25. Bxf8 Rxf8 26. Bxe6 Rc7 27. Nd5 Nb8 $1 (27... Rc6 28. Nf4 Rc7 29.
Bxd7 Rxd7 30. Ne6+ Ke7 31. Rxd7+ Kxe6 32. Rxb7 $18) 28. Nxf6+ Ke7 29. Nd5+ Kxe6
30. Nxc7+ Ke5 31. Nd5 Rf2 32. Ne3 Kf4 (32... Ke4 $2 33. Re1) 33. Rd3 $2 (33.
Re1 $1 Nc6 34. Kd1 {/\35Te2+/-}) 33... Nc6 34. Kd1 Ke4 35. Ke1 Rxc2 36. Rb3 Rc5
37. Ng4 Kf4 38. Nf2 Rb5 39. Rf3+ Kg5 40. Nd3 1/2-1/2

[Event "Marianske Lazne GM"]
[Site "Marianske Lazne"]
[Date "2006.01.24"]
[Round "5"]
[White "Heberla, Bartlomiej"]
[Black "Neelotpal, Das"]
[Result "1/2-1/2"]
[WhiteElo "2487"]
[BlackElo "2512"]
[Annotator "Gavrikov,V"]
[PlyCount "36"]
[EventDate "2006.01.21"]
[EventType "tourn"]
[EventRounds "11"]
[EventCountry "CZE"]
[EventCategory "7"]
[SourceTitle "CBM 110 Extra"]
[Source "ChessBase"]
[SourceDate "2006.03.10"]
[SourceVersion "2"]
[SourceVersionDate "2006.03.10"]
[SourceQuality "1"]

1. e4 c5 2. Nc3 d6 3. f4 g6 4. d4 cxd4 5. Qxd4 Nf6 6. e5 Nc6 7. Bb5 Nd7 8. Bxc6
bxc6 9. e6 Nf6 10. exf7+ Kxf7 11. Nf3 Qb6 12. Qc4+ Ke8 13. Bd2 Rb8 14. b3 ({
Black has no problems after} 14. Ng5 d5 15. Qe2 Bg7 (15... Qxb2 $6 16. O-O $44)
16. Ne6 $140 Bxe6 17. Qxe6 c5 $132) 14... Qa6 (14... Ba6 15. Qa4 $13 (15. Qd4
Qxd4 16. Nxd4 c5 17. Ne6 Kd7) (15. Qe6 Bc8 16. Qe2 Ba6 $11)) 15. Qxa6 Bxa6 $11
16. O-O-O c5 17. Ng5 Kd7 18. Rhe1 Bb7 $11 (18... Bb7 19. Re2 (19. Be3 Rc8)
19... Ba6 20. Ree1 Bb7 $11) 1/2-1/2